| 000 | 00616nam a2200205 a 4500 | ||
|---|---|---|---|
| 005 | 20241130063755.0 | ||
| 008 | 991125s1994 mx 000 0 spa u | ||
| 020 | _a9681644743 | ||
| 035 | _aUPN01000000088 | ||
| 049 | _aCG | ||
| 050 | 4 |
_aF1236 _bC55 |
|
| 245 | 0 | 0 |
_a50 Preguntas a los candidatos / _ccoord. Federico Reyes Heroles. |
| 260 |
_aMéxico : _bFCE, _c1994. |
||
| 300 | _a429 p. | ||
| 650 | 2 |
_aPartidos políticos _zMéxico _99992 |
|
| 650 | 4 |
_aPRESIDENTES - _zMEXICO - _xELECCION - _y1994 |
|
| 650 | 4 |
_aPresidentes _zMéxico _921225 |
|
| 700 | 1 |
_aReyes Heroles, Federico, _d1955- _ecoord. _929586 |
|
| 905 | _aLibro | ||
| 999 |
_c88 _d88 |
||